000 005110000a22001690004500
003 MACL
005 20151227153243.0
008 151227b xxu||||| |||| 00| 0 eng d
040 _aMACL
_cMACL
041 _aEnglish
082 _a050/KEL
100 _aKeltie, J. Scott
_923443
245 _aThe Statesman's YearB̜ook
_bStatistical and Historical Annual of The States of the World for the Year
260 _bMacmillan and Co. Limited
_c1915
650 _aSearial Publication
_923444
942 _cBK
_k050/KEL
_2ddc
999 _c38555
_d38555